00327nam a2200109Ia 4500008004100000020001800041082001500059100001800074245008500092260001200177500002800189260604s9999 xx 000 0 und d a9781802628081 a658.45 DAV aJohn a. davis 0aRadical Business: How to Transform Your Organization in the Age of Global Crisis bEmerald aBusiness, Oraganization